Introduction to public health / (Record no. 1511)

MARC details
000 -LEADER
fixed length control field 02975cam a22004334a 4500
001 - CONTROL NUMBER
control field data
005 - DATE AND TIME OF LATEST TRANSACTION
control field 20260322212104.0
008 - FIXED-LENGTH DATA ELEMENTS--GENERAL INFORMATION
fixed length control field data
035 ## - SYSTEM CONTROL NUMBER
System control number 13912742
010 ## - LIBRARY OF CONGRESS CONTROL NUMBER
LC control number 2005008642
016 7# - NATIONAL BIBLIOGRAPHIC AGENCY CONTROL NUMBER
Record control number 101244652
Source DNLM
020 ## - INTERNATIONAL STANDARD BOOK NUMBER
International Standard Book Number 0763730009
Qualifying information pbk.
020 ## - INTERNATIONAL STANDARD BOOK NUMBER
International Standard Book Number 9780763730000
Qualifying information (pbk.)
035 ## - SYSTEM CONTROL NUMBER
System control number (OCoLC)58729181
040 ## - CATALOGING SOURCE
Original cataloging agency DNLM/DLC
Transcribing agency DLC
Modifying agency DLC
-- BAKER
-- C#P
-- VAM
-- DLC
042 ## - AUTHENTICATION CODE
Authentication code pcc
050 00 - LIBRARY OF CONGRESS CALL NUMBER
Classification number RA425
Item number .S28 2006
060 00 - NATIONAL LIBRARY OF MEDICINE CALL NUMBER
Classification number 2005 M-883
060 10 - NATIONAL LIBRARY OF MEDICINE CALL NUMBER
Classification number WA 100
Item number S359i 2006
082 00 - DEWEY DECIMAL CLASSIFICATION NUMBER
Classification number 362.1
Edition information 22
100 1# - MAIN ENTRY--PERSONAL NAME
Personal name Schneider, Mary-Jane,
Dates associated with a name 1939-
245 10 - TITLE STATEMENT
Title Introduction to public health /
Statement of responsibility, etc. Mary-Jane Schneider ; drawings by Henry Schneider.
250 ## - EDITION STATEMENT
Edition statement 2nd ed.
260 ## - PUBLICATION, DISTRIBUTION, ETC.
Place of publication, distribution, etc. Sudbury, Mass. :
Name of publisher, distributor, etc. Jones and Bartlett,
Date of publication, distribution, etc. c2006.
300 ## - PHYSICAL DESCRIPTION
Extent xli, 573 p. :
Other physical details ill. ;
Dimensions 23 cm.
336 ## - CONTENT TYPE
Content type term text
Content type code txt
Source rdacontent
337 ## - MEDIA TYPE
Media type term unmediated
Media type code n
Source rdamedia
338 ## - CARRIER TYPE
Carrier type term volume
Carrier type code nc
Source rdacarrier
504 ## - BIBLIOGRAPHY, ETC. NOTE
Bibliography, etc. note Includes bibliographical references.
505 0# - FORMATTED CONTENTS NOTE
Formatted contents note Public health: science, politics, and prevention -- Why is public health controversial? -- Powers and responsibilities of government -- Epidemiology: the basic science of public health -- Epidemiologic principles and methods -- Problems and limits of epidemiology -- Statistics: making sense of uncertainty -- The role of data in public health -- The "Conquest" of infectious diseases -- The resurgence of infectious diseases -- The biomedical basis of chronic diseases -- Genetic diseases and other inborn errors -- Do people choose their own health? -- How psychosocial factors affect health behavior -- Tobacco-public health enemy number one -- Public health threat number two and growing: poor diet and physical inactivity -- Injuries are not accidents -- Maternal and child health as a social problem -- A clean environment: the basis of public health -- Clean air: is it safe to breathe? -- Clean water: a limited resource -- Solid and hazardous wastes: what to do with the garbage? -- Safe food and drugs: an ongoing regulatory battle -- Population: the ultimate environmental health issue -- Is the medical care system a public health issue? Why the U.S. medical system needs reform -- Health services research: finding what works -- Public health and the aging population -- Emergency preparedness, post-9/11 -- Public health in the twenty-first century: achievements and challenges.
650 #0 - SUBJECT ADDED ENTRY--TOPICAL TERM
Topical term or geographic name entry element Public health.
650 12 - SUBJECT ADDED ENTRY--TOPICAL TERM
Topical term or geographic name entry element Public Health.
650 22 - SUBJECT ADDED ENTRY--TOPICAL TERM
Topical term or geographic name entry element Public Health Practice.
906 ## - LOCAL DATA ELEMENT F, LDF (RLIN)
a 7
b cbc
c orignew
d 1
e ecip
f 20
g y-gencatlg
925 0# -
-- acquire
-- 1 shelf copy
-- policy default
925 1# -
-- acquire
-- 2 shelf copy
-- policy default
955 ## - COPY-LEVEL INFORMATION (RLIN)
-- jc18 2005-03-29
-- jc03 2005-03-29 to Dewey
-- jb14 2006-03-15 Z-CipVer
-- jb14 2006-03-15 to BCCD
Holdings
Withdrawn status Lost status Damaged status Not for loan Home library Current library Shelving location Date acquired Total checkouts Full call number Barcode Date last seen Price effective from Koha item type
        Riverside Riverside General stacks 22/03/2026   362.1 LOC-RPL-00058 22/03/2026 22/03/2026 Books